| 000 | 00338nam a2200133Ia 4500 | ||
|---|---|---|---|
| 005 | 20251222144748.0 | ||
| 008 | 251222s9999||||xx |||||||||||||| ||spa|| | ||
| 020 | _a84-89303-41-X | ||
| 082 | _a338.128.5/S25 | ||
| 100 | _aSantos Granero, Fernando | ||
| 245 | 0 | _aOrdenes y Desórdenes en la Selva Central: | |
| 264 | _bIEP | ||
| 942 | _cLIB | ||
| 999 |
_c19228 _d19228 |
||